000
00362nam a2200169Ia 4500
008
100122s9999 xx 000 0 und d
082
_b
63289
_a
81
100
_a
AKBAR M J
245
_a
BYLINE
260
_b
CHRONICLE BOOKS
_c
2003
300
_a
404
520
_a
ANTHOLOGY
620
_a
ANTHOLOGY
630
_a
BYLINE
730
_a
BYLINE
942
_c
BOOK
999
_c
379043
_d
379040